000 00351nam a22001337a 4500
008 250424b |||||||| |||| 00| 0 eng d
020 _a1852930144
050 _aHD9980.5
_b.P75
100 _aA.M BLAIRE D.G Price
245 _aThe Changing of The Service Sector
260 _aGreat Britain
_bBelhaven Press
_c1989
300 _aviii, 280p.
942 _cBK
999 _c3155
_d3155